| 000 | 01072nam a22001577a 4500 | ||
|---|---|---|---|
| 003 | OSt | ||
| 005 | 20150927085652.0 | ||
| 008 | 150927b xxu||||| |||| 00| 0 eng d | ||
| 040 | _cRUA | ||
| 082 | _aAGR SIE 2013 B057 Or.1 | ||
| 100 |
_91399 _aSIENG, SOTHEA. |
||
| 245 | _aEffect of different herbicide on growth and yield of IR 66 rice sown by drum seeder under prey khmer soil condition in early wet season at osaray commune tramkok district takeo province, ប្រសិទ្ឌភាពថ្នាំកំចាត់ស្មៅផ្សេងៗគ្នាលើការលូតលាស់ និងទិន្នផលស្រូវអ៊ីអ៊ែរ៦៦សាបដោយឧបករណ៍ទម្លាក់គរាប់(DRUM-SEEDER) ក្នុងលក្ខខណ្ឌដីព្រៃខ្មែរដើមរដូវវស្សានៅខុំអូរសារាយ ស្រុកតហរាំកក់ ខេត្តតាកែវ | ||
| 260 |
_aPhnom Penh _bRUA _c2013 |
||
| 300 |
_ax; 35p. _bill. _c29cm. |
||
| 942 |
_2ddc _cAGR |
||
| 999 |
_c1314 _d1314 |
||